000 00659nam a22002417a 4500
001 BR8202642
003 BR-BrBNA
005 20230928091316.0
007 ta
008 230509b bl.||||| |||| 00| 0 por d
040 _aBR-BrBNA
_bpor
_cBiblioteca Nacional de Agricultura
041 _a(Por)
072 _aM10
_b8420
090 _ 8420 BR8202642
110 1 _aInstituto de Pesquisa e Tecnologia de Pesca do Rio de Janeiro, RJ (Brasil)
_96120
245 1 _aO mexilhao [criacao]
260 3 _aRio de Janeiro, RJ (Brasil):
_c1982.
300 _a22 p.
650 _aMEXILHAO
650 _aCRIACAO
909 _a202309
_bLucia
_c55
_dLucia Elande
942 _cBK
999 _c33317
_d33317